Кора и ядро (Запис номер 97324)
[ съкратено ]
| 000 -Лидер | |
|---|---|
| Контролно поле с фиксирана дължина | 01365nam a2200361 c 4500 |
| 003 - Код на организацията, давaща контролен номер | |
| Контролно поле | BLK |
| 005 - Дата и час на последна редакция | |
| Контролно поле | 20220421094827.0 |
| 008 - Елементи от данни с фиксирана дължина | |
| fixed length control field | 180409b bul|||||r ||||||| ||bul|| |
| 010 ## - Наследен системен номер | |
| LC control number | KNG00102235000 |
| 020 ## - Международен стандартен номер на книга ISBN | |
| Международен стандартен номер на книга ISBN | 954-607-367-9 |
| -- | издат.: Лик |
| 040 ## - Източник на каталожния запис | |
| Идентификатор на билиотеката - собственик на записа | BLK |
| 041 ## - Код за език | |
| Код за езика на текст/звукозапис или на отделно заглавие | Български |
| Код за езика КДБФ | Български |
| 080 ## - УДК | |
| Текстов определител УДК | Психоанализа |
| УДК код - определител по УДК | 159.964.2 |
| УДК определител | |
| УДК - код + определител | 159.964.2 |
| 100 1# - Редна дума - Автор | |
| Автор | Абраам, Никола |
| Авторска отговорност | първи автор |
| R(LIN) | 29069 |
| 139 ## - Редно поле | |
| Редна дума | Абраам, Никола и др. |
| Авторски знак | Абд - А 13 |
| 245 10 - Сведения за заглавието | |
| Заглавие | Кора и ядро |
| Редно поле (дума) | Никола Абраам; съавт. Мария Торок; прев. от фр. Красимир Стефанов Кавалджиев. |
| 257 ## - Страна на издаване | |
| Страна на създаване/издаване | Франция |
| 260 ## - Област на издателските данни | |
| -- | София |
| Име на издателя, разпространителя и проч. | Лик |
| Година на издаване | 2000 |
| 300 ## - Физическа характеристика | |
| Страници | 304 с. |
| Размери/Мащаб | 20 см |
| 380 ## - Жанр | |
| Жанр | Философия |
| 490 1# - СЕРИИ (Колекции) | |
| Име на серия | Библиотека Преноси |
| 490 1# - СЕРИИ (Колекции) | |
| -- | Подсерия |
| Име на серия | Психоанализа |
| 500 ## - Общи забележки | |
| Забележка | Ориг. загл. L'ecorce et le noyau / Nicolas Abraham, Maria Torok. - Офс. изд. |
| 650 #4 - Допълнително описание по предмет – тема | |
| Основно описание – тема или топоним | Психоанализа |
| 9 (RLIN) | 168303 |
| 653 ## - Ключова дума – ненормативна | |
| Ключова дума | психоанализа |
| 700 1# - Други автори (авторска отговорност) | |
| Лично име | Торок, Мария |
| Автороска отговорност (Описва отношението между автора и произведението) | съавт. |
| 9 (RLIN) | 130671 |
| 700 1# - Други автори (авторска отговорност) | |
| Лично име | Кавалджиев, Красимир Стефанов |
| Автороска отговорност (Описва отношението между автора и произведението) | прев. от фр. |
| 9 (RLIN) | 370150 |
| 852 ## - Местоположение | |
| Форматна сигнатура | Цб 212068 |
| 856 4# - Електронен адрес и достъп | |
| Електронен формат | pdf - файл |
| Път до файла /url/ | |
| 856 4# - Електронен адрес и достъп | |
| Електронен формат | pdf - файл |
| Път до файла /url/ | |
| 942 ## - АРТИКУЛИ | |
| Вид на библиотечния материал | Книги |
| Скрит в OPAC | Не |
| Koha issues (borrowed), all copies | 1 |
| 944 ## - СЪЗДАВАНЕ И РЕДАКЦИЯ на ЗАПИСА | |
| Създаване/Редакция | Създаване |
| Дата на регистрацията/редакция | 01.01.2000 |
| Служител, извършил регистрацията/редакцията | Кети_Илиева |
| 944 ## - СЪЗДАВАНЕ И РЕДАКЦИЯ на ЗАПИСА | |
| Създаване/Редакция | Редакция |
| Дата на регистрацията/редакция | 02.03.2011 |
| Служител, извършил регистрацията/редакцията | |
| 999 ## - СИСТЕМНИ КОНТРОЛНИ НОМЕРА | |
| Koha biblionumber | 97324 |
| Koha biblioitemnumber | 97324 |
| Код за отписване | Код за изгубен артикул | Код за повреда | Коз за рестрикции | Код за отдаване | Артикулен № | Име на библиотеката - собственик | Име на библиотеката, в която се намира в момента | Статус (Текущо местоположение) | Дата на вписване в системата | Местоположение - отдел | Цена в лева | Инвентарен номер | Систематично азбучна сигнатура | Баркод | Номер на екземпляра | Цена в евро | Служебна бележка | Служебен тип на артикула | Източник на класификационната схема |
|---|---|---|---|---|---|---|---|---|---|---|---|---|---|---|---|---|---|---|---|
| Не е изгубен | Не е повреден | без рестрикции | ползва се в читалня | 156065 | Регионална библиотека "Любен Каравелов" Русе | Регионална библиотека "Любен Каравелов" Русе | Хранилище | 2002-06-28 | Основен фонд - ползва се само за читалня | 8.90 | 120000670908 | Цб 212068 | 120000670908 | 1 | 4.55 | Дост: DA Вид: А N: 25 Дата: 28.06.2002 | Книги | ||
| Не е изгубен | Не е повреден | без рестрикции | заемане за дома | 156066 | Регионална библиотека "Любен Каравелов" Русе | Регионална библиотека "Любен Каравелов" Русе | Заемна - подръчен фонд | 2002-11-20 | Заемна - подръчен фонд | 8.90 | 120000673352 | П 159.964.2/А 13 Н | 120000673352 | 2 | 4.55 | Дост: Pk Вид: Ф N: 150 Дата: 15.11.2002 Дата инв: 01.02.2018 Бележки инв: П2018 | Книги | Universal Decimal Classification |